Stragi Italiane dal 1963 al 1993 - Statistics

Statistiche generali
  • Questo quiz è stato fatto 42 volte
  • Il punteggio medio è 6 su 18
Statistiche sulle risposte
Regione Anno Mandanti / Esecutori Morti Strage di/del/della % Corretto
Sicilia 1992 Cosa Nostra 5: Falcone; moglie; scorta Capaci
97%
Emilia-Romagna 1980 P2, NAR 85: Civili Bologna
74%
Mar Tirreno 1980 NATO (errore nel bersaglio) 81: Civili, tutto l'equipaggio e i passeggeri Ustica
61%
Lombardia 1969 Ordine Nuovo 17: Civili Piazza Fontana
55%
Sicilia 1992 Cosa Nostra 6: Borsellino; Scorta Via D’Amelio
53%
Lazio 1978 Brigate Rosse 6: Aldo Moro (non durante l'agguato, ma successivamente dalle stesse BR che lo avevano rapito); 3 Carabinieri; 2 Poliziotti Via Fani (Agguato)
53%
Lombardia 1974 Ordine Nuovo 9: Civili, tutti attivisti antifascisti Piazza della Loggia
42%
Emilia-Romagna 1974 Ordine Nero 12: Civili Treno Italicus
26%
Toscana 1993 Cosa Nostra 5: Civili Via dei Georgofili
21%
Calabria 1970 Avanguardia Nazionale, 'Ndrangheta 6: Civili Gioia Tauro
11%
Friuli-Venezia Giulia 1972 Ordine Nuovo 3: Carabinieri Peteano
11%
Toscana 1984 Cosa Nostra 16: Civili Rapido 904 Treno di Natale
11%
Sicilia 1982 Cosa Nostra 3: Generale Dalla Chiesa; moglie; scorta Via Carini
11%
Sicilia 1969 Cosa Nostra 5: 2 Mafiosi; 3 Civili Viale Lazio
11%
Lombardia 1993 Cosa Nostra 5: Civili Via Palestro
11%
Sicilia 1963 Cosa Nostra 7: 4 Carabinieri; 2 Militari; un Poliziotto Ciaculli
8%
Lombardia 1973 Servizi Segreti Deviati 4: 3 Civili; un Poliziotto Questura di Milano
8%
Sicilia 1983 Cosa Nostra 4: Magistrato Rocco Chinnici; 2 Carabinieri, un Civile Via Pipitone
3%
Nessun quiz corrispondente trovato
Distribuzione punteggi
Percentuale di utenti per punteggio
Percentile per numero di risposta
I tuoi punteggi nel tempo
Non hai fatto questo quiz